| 000 | 01003nam a22003015a 4500 | ||
|---|---|---|---|
| 005 | 20150817122354.0 | ||
| 008 | 110315t2010 maua|||fr|||| 001 0 eng d | ||
| 010 | _a2004268304 | ||
| 020 | _a0138152217 | ||
| 020 | _a9780138152215 | ||
| 040 |
_aEG-ScBUE _beng _cEG-ScBUE |
||
| 082 | 0 | 4 |
_a005.1 _bBRU _222 |
| 100 | 1 |
_aBruegge, Bernd. _922589 |
|
| 245 | 1 | 0 |
_aObject-oriented software engineering : _busing UML, patterns, and Java / _cBernd Bruegge & Allen H. Dutoit. |
| 250 | _a3rd ed. | ||
| 260 |
_aUpper Saddle River : _bPrentice Hall, _c2010. |
||
| 300 |
_a812 p. : _bill. ; _c25 cm. |
||
| 500 | _aGlossary : p. 755-786. | ||
| 500 | _aIndex : p. 801-812. | ||
| 504 | _aBibliography : p. 787-799. | ||
| 590 | _ayassmeen ashraf | ||
| 650 | 0 |
_aSoftware engineering. _922590 _2BUEsh |
|
| 650 | 0 |
_aObject-oriented programming (Computer science) _922591 _2BUEsh |
|
| 651 | _2BUEsh | ||
| 653 |
_bENGGEN _cAugust2015 |
||
| 700 | 1 |
_aDutoit, Allen H. _922592 |
|
| 942 |
_cBB _k005.1 BRU _2ddc |
||
| 999 |
_c15015 _d15015 |
||